Countries where ISIS is/was present - Statistics

General Stats
  • This quiz has been taken 12 times
  • The average score is 11 of 15
Answer Stats
Hint Answer % Correct
I Iraq
100%
J Jordan
100%
S Syria
100%
S Saudi Arabia
91%
M Mali
82%
N Nigeria
82%
A Afghanistan
73%
D D.R. Congo
73%
S Somalia
73%
P Philippines
64%
R Russia
64%
T Turkey
64%
F France
55%
T Tunisia
55%
M Mozambique
45%
No matching quizzes found
Score Distribution
Percent of People with Each Score
Percentile by Number Answered
Your Score History
You have not taken this quiz